000 00679nam a2200253Ia 4500
003 OSt
005 20220918173815.0
006 a|||||r|||| 00| 0
007 ta
008 220917b |||||||| |||| 00| 0 eng d
024 _a8,376
037 _cTextual
040 _aARTS
_cARTS
_beng
041 _2eng
_aeng
082 _aG, K11;1
100 _aTaylor William T.
_947515
245 0 _aGeneral
_b Biology
260 _aNew Delhi
_bAffiliated East-West Press
_c1961
300 _ax,945p
_ccm.
650 _aBIOLOGY
_97
700 _a Weber Richard J.
_947516
942 _hG, K11;1
_cTEXL
_2CC
999 _c150150
_d150150